Consideraciones en el diseño sismo resistente de tanques circulares de acero.
Guardado en:
| Hovedforfatter: | |
|---|---|
| Format: | Bog |
| Udgivet: |
San José, Costa Rica
1990
|
| Fag: | |
| Tags: |
Tilføj Tag
Ingen Tags, Vær først til at tagge denne postø!
|
MARC
| LEADER | 00000nam a2200000Ia 4500 | ||
|---|---|---|---|
| 003 | 004954 | ||
| 005 | 20221231144333.0 | ||
| 008 | 140114s1990 cr a m 000 ||s d | ||
| 040 | |c cru CEDI | ||
| 090 | |a TFG 2326 | ||
| 100 | |a Marín Jenkins, Fausto |9 13026 | ||
| 245 | |a Consideraciones en el diseño sismo resistente de tanques circulares de acero. | ||
| 260 | |c 1990 |a San José, Costa Rica | ||
| 300 | |a ix 88 hojas ; 28 cm. Incluye anexos : A, B, C, D, E, F. | ||
| 500 | |a Proyecto de graduación (licenciatura en ingeniería civil)--Universidad de Costa Rica. Facultad de Ingeniería. Escuela de Ingeniería Civil | ||
| 650 | |x CONSTRUCCIONES ANTISISMICAS |x TANQUES - DISEÑO Y CONSTRUCCION |9 13027 | ||
| 942 | |c TFG |2 ddc | ||
| 999 | |c 20360 |d 20360 | ||
